Statistiken für Größte Städte an der Lippe

Klicken Sie hier um das Quiz zu spielen!

Allgemein

  • Dieses Quiz wurde 63 mal gespielt
  • Das Durchschnittsergebnis liegt bei 9 aus 20

Antwortstatistiken

EinwohnerKreisStadt% Korrekt
151.633PaderbornPaderborn
98%
67.952SoestLippstadt
80%
179.916kreisfreiHamm
75%
60.230WeselWesel
75%
86.348UnnaLünen
55%
84.067RecklinghausenMarl
55%
48.740UnnaBergkamen
46%
74.704RecklinghausenDorsten
46%
37.850RecklinghausenHaltern am See
43%
52.503WarendorfAhlen
39%
34.596RecklinghausenDatteln
39%
13.598WeselHünxe
36%
29.328RecklinghausenWaltrop
36%
29.717UnnaWerne
36%
16.237PaderbornBad Lippspringe
32%
25.925UnnaSelm
32%
31.989PaderbornDelbrück
30%
24.956PaderbornSalzkotten
29%
13.602WeselSchermbeck
27%
12.654WarendorfWadersloh
21%

Verteilung der Resultate

Perzentil nach korrekt beantworteten Fragen

Anzahl Personen mit jedem Resultat

Ihre Resultats-Entwicklung

Sie haben dieses Quiz noch nicht gespielt